000
00278nam a22001337a 4500
020
_a
978-8121916431
041
_a
ENG
100
_a
Khurmi R.S
245
_a
A Textbook of Applied Mechanics
260
_a
Delhi
_b
S.Chand
_c
1998
300
_a
699
650
_a
FS
856
_u
FS
999
_c
337
_d
337